000 00575nam a2200157Ia 4500
008 100122s9999 xx 000 0 und d
082 _b19737
_a823.08
100 _aकोलारकर राम
245 _aसर्वोत्कृष्ट मराठी कथा
260 _bछाया कोलारकर
_c1973
300 _a239
630 _aसर्वोत्कृष्ट मराठी कथा
700 _aकोलारकर छा रा
730 _aसर्वोत्कृष्ट मराठी कथा
942 _cBOOK
999 _c408689
_d408686